000 00482nam a2200181Ia 4500
001 9975
005 20260306161757.0
008 260306t2008||||xx |||||||||||||| ||spa||
041 _aESP
082 _a869.56
_bG86
100 _aVargas Llosa, Mario
_eAUT
245 0 _aLas guerras de este mundo:
_bsociedad, poder y ficción en la obra de Mario Vargas Llosa
260 _c2008
300 _a251 páginas :
_c23 cm.
650 _aGEN
654 _aCHU
942 _cLIB
_dJUS
_fJUS
_2ddc
_n
999 _c9975
_d9975